A szegedi mandátum ügye Návay Tamás a hivatalos jelölt
Elmentve itt :
| Dokumentumtípus: | Cikk |
|---|---|
| Megjelent: |
1911-06-10
|
| Sorozat: | Délmagyarország
2 No. 131 |
| Kulcsszavak: | Návay Tamás, Jeszenszky Sándor, Rósa Izsó, Szarvady Lajos, Gerliczy Ferenc, Pálffy József, Balassa Ármin, Pálffy Dániel, Varga József, Lippay György, Országgyűlési választás Szeged 1911, Politikai élet Szeged 1911 |
| Online Access: | http://dmarchiv.bibl.u-szeged.hu/58828 |
| LEADER | 00651nab a2200145 i 4500 | ||
|---|---|---|---|
| 001 | delm58828 | ||
| 005 | 20180927144653.0 | ||
| 008 | 180927s1911 hu o 0|| hun d | ||
| 040 | |a SZTE Délmagyarország Archívum |b hun | ||
| 041 | |a hun | ||
| 245 | 0 | 2 | |a A szegedi mandátum ügye |h [elektronikus dokumentum] : |b Návay Tamás a hivatalos jelölt |
| 260 | |c 1911-06-10 | ||
| 300 | |a 3-5 | ||
| 490 | 0 | |a Délmagyarország |v 2 No. 131 | |
| 695 | |a Návay Tamás, Jeszenszky Sándor, Rósa Izsó, Szarvady Lajos, Gerliczy Ferenc, Pálffy József, Balassa Ármin, Pálffy Dániel, Varga József, Lippay György, Országgyűlési választás Szeged 1911, Politikai élet Szeged 1911 | ||